Quick Pick: Cinderella Characters Quiz Stats

 Plays Quiz Updated May 6, 2018

Score 0/10 Timer 01:00
2 Plays Today
% Correct
Fairy Godmother
95.9%
Cinderella
95.7%
Prince Charming
93.7%
Drizella
90.8%
Gus
89.2%
Lady Tremaine
86.3%
Jaq
81.7%
Lucifer
79.8%
Anastasia
79.2%
Bruno
75.9%

Today's Daily Dose

Quick Pick
'M' Cities

Get the Picture
'South' Countries

You're not logged in!

Compare scores with friends on all Sporcle quizzes.
OR
Log In

Sporcle TV

Today on Sporcle TV


Watch our educational content, quiz creation guides, and fun videos on Sporcle TV.

Show Comments

Extras

Top Quizzes Today


Score Distribution

Your Account Isn't Verified!

In order to create a playlist on Sporcle, you need to verify the email address you used during registration. Go to your Sporcle Settings to finish the process.

Report this User

Report this user for behavior that violates our Community Guidelines.

Details: